Normal view
MARC view
Entry Topical Term
001 - CONTROL NUMBER
- control field: 3445
003 - CONTROL NUMBER IDENTIFIER
- control field: dpl
005 - DATE AND TIME OF LATEST TRANSACTION
- control field: 20100731145720.0
008 - FIXED-LENGTH DATA ELEMENTS
- fixed length control field: 100731|||a|||||| | ||| d
040 ## - CATALOGING SOURCE
- Original cataloging agency: dpl
- Transcribing agency: dpl
150 ## - HEADING--TOPICAL TERM
- Topical term or geographic name as entry element: Financial Management
670 ## - SOURCE DATA FOUND
- Source citation: Work cat.: (dpl): Malhotra, Sunil Kumar 3443, Business management studies /, 2008
670 ## - SOURCE DATA FOUND
- Source citation: Work cat.: (dpl): Malhotra, Sunil Kumar 3443, Business management studies /, 2008
